Highlights of Astronomy (Record no. 7764)
[ view plain ]
| 000 -LEADER | |
|---|---|
| fixed length control field | 00881nam a2200217Ia 4500 |
| 003 - CONTROL NUMBER IDENTIFIER | |
| control field | IN-BaIIA |
| 008 - FIXED-LENGTH DATA ELEMENTS--GENERAL INFORMATION | |
| fixed length control field | 211028s9999 xx 000 0 eng d |
| 020 ## - INTERNATIONAL STANDARD BOOK NUMBER | |
| International Standard Book Number | 90-277-1563-7 |
| 040 ## - CATALOGING SOURCE | |
| Transcribing agency | IIA Library |
| 080 ## - UNIVERSAL DECIMAL CLASSIFICATION NUMBER | |
| Universal Decimal Classification number | 063:52 |
| Item number | IAU-T18B |
| 111 ## - MAIN ENTRY--MEETING NAME | |
| Meeting name or jurisdiction name as entry element | International Astronomical Union General Assembly |
| Location of meeting | Greece |
| Date of meeting or treaty signing | 1982 Aug. 17-26 |
| 9 (RLIN) | 13114 |
| 245 #0 - TITLE STATEMENT | |
| Title | Highlights of Astronomy |
| Remainder of title | XVlllth General Assembly of the International Astronomical Union was held in Patras, Greece,17-26 August 1982 |
| Statement of responsibility, etc. | edited by Richard M. West |
| 260 ## - PUBLICATION, DISTRIBUTION, ETC. | |
| Place of publication, distribution, etc. | Dordrecht |
| Name of publisher, distributor, etc. | D. Reidel Publishing |
| Date of publication, distribution, etc. | 1983 |
| 300 ## - PHYSICAL DESCRIPTION | |
| Extent | x, 603p. |
| 490 ## - SERIES STATEMENT | |
| Series statement | Transactions of the International Astronomical Union; v. XVIIIB |
| 650 ## - SUBJECT ADDED ENTRY--TOPICAL TERM | |
| Topical term or geographic name entry element | Astronomy |
| 9 (RLIN) | 80 |
| 650 ## - SUBJECT ADDED ENTRY--TOPICAL TERM | |
| Topical term or geographic name entry element | Astronomy and Astrophysics Thesaurus |
| 700 ## - ADDED ENTRY--PERSONAL NAME | |
| Personal name | West, Richard M., ed. |
| 9 (RLIN) | 6582 |
| 710 ## - ADDED ENTRY--CORPORATE NAME | |
| Corporate name or jurisdiction name as entry element | International Astronomical Union |
| 942 ## - ADDED ENTRY ELEMENTS (KOHA) | |
| Koha item type | Books |
| Withdrawn status | Lost status | Damaged status | Not for loan | Home library | Current library | Shelving location | Date acquired | Total Checkouts | Full call number | Barcode | Date last seen | Price effective from | Koha item type | Purchase Price |
|---|---|---|---|---|---|---|---|---|---|---|---|---|---|---|
| IIA Library-Bangalore | IIA Library-Bangalore | General Stacks | 30/08/1983 | 063:52/ IAU-T18B | 8581 | 05/11/2021 | 30/08/1983 | Books | DM 53.33 |